| 000 | 00695nam a22001937a 4500 | ||
|---|---|---|---|
| 999 |
_c21011 _d21011 |
||
| 003 | AR-CdUCM | ||
| 008 | 190724b ||||| |||| 00| 0 spa d | ||
| 040 |
_aMUNICIPALIDAD PROVINCIAL DEL CUSCO _cBIBLIOTECA MUNICIPAL DEL CUSCO |
||
| 082 |
_aC / 920 / _bUN61 |
||
| 245 | _aMemoria anual del rector 1985 / | ||
| 260 |
_aCusco : _buniversitaria de la UNSAAC, _c1986. |
||
| 300 |
_a242 páginas ; _c21 cm. |
||
| 505 | _aContenido : Órganos de gobierno -- Rectorado -- Vice-rectorado -- Vice-rectorado administrativo --Facultades | ||
| 650 |
_aMemorias _9235 |
||
| 650 |
_aUNSAAC _98726 |
||
| 710 |
_aUniversidad nacional San Antonio Abad del Cusco _927266 |
||
| 942 |
_2ddc _cLIBROS |
||
| 945 | _azta | ||